Architecture in the family way : doctors, houses, and women, 1870-1900
Αποθηκεύτηκε σε:
| Κύριος συγγραφέας: | |
|---|---|
| Μορφή: | Βιβλίο |
| Γλώσσα: | English |
| Δημοσίευση: |
Montreal :
McGill-Queen's University Press,
2001
|
| Σειρά: | McGill-Queen's/Hannah Institute studies in the history of medicine, health, and society ;
; 4 |
| Θέματα: | |
| Ετικέτες: |
Προσθήκη ετικέτας
Δεν υπάρχουν, Καταχωρήστε ετικέτα πρώτοι!
|
MARC
| LEADER | 00000nam a2200000 i 4500 | ||
|---|---|---|---|
| 001 | 1/60032 | ||
| 008 | 040909s2001 eng d | ||
| 020 | |a 0-7735-2239-5 | ||
| 035 | |l 10074223 | ||
| 040 | |a GR-MY-UA |b gre |e aacr | ||
| 041 | 0 | |a eng | |
| 082 | 0 | |a 728.0942 |2 (21) | |
| 100 | 1 | |a Adams, Annmarie. | |
| 245 | 1 | 0 | |a Architecture in the family way : |b doctors, houses, and women, 1870-1900 / |c Annmarie Adams |
| 260 | |a Montreal : |b McGill-Queen's University Press, |c 2001 | ||
| 300 | |a xii, 227 σ.; |b εικ.; |c 23 εκ. | ||
| 490 | 1 | |a McGill-Queen's/Hannah Institute studies in the history of medicine, health, and society |v ; 4 | |
| 504 | |a Περιέχει βιβλιογραφία και ευρετήριο | ||
| 650 | 0 | 0 | |a Architecture |x History |z England. |
| 650 | 0 | 0 | |a Medicine |z England |x History |y 19th century. |
| 650 | 0 | 0 | |a Lifestyles |z England. |
| 650 | 0 | 0 | |a Health care reform |z England. |
| 650 | 0 | 0 | |a Women's rights |x History |z England. |
| 650 | 0 | 0 | |a Architecture, Domestic |x Health aspects |z England |x History |y 19th century. |
| 650 | 0 | 0 | |a Architecture, Domestic |x Social aspects |z England |x History |y 19th century. |
| 650 | 0 | 0 | |a Housing and health |z England |x History |y 19th century. |
| 650 | 0 | 0 | |a Architecture, Victorian |z England. |
| 650 | 0 | 0 | |a Architecture and women |z England |x History |y 19th century. |
| 830 | 0 | |a McGill-Queen's/Hannah Institute studies in the history of medicine, health, and society ; |v ; 4 | |
| 852 | |a INST |b LESVOS |e 20040909 |h 728.0942 ADA |p 005100030432 |q 005100030432 |t BK |y 0 | ||
| 901 | |a BIBL1-2004-3 | ||
| 909 | |a Λ |b 111776 | ||
| 920 | |a ΤΑΚΤΙΚΟΣ ΚΟΙΝΩΝΙΚΗΣ ΑΝΘΡΩΠΟΛΟΓΙΑΣ ΚΑΙ ΙΣΤΟΡΙΑΣ |y ΛΕΣΒΟΣ |z 2004-06 | ||
| 970 | |a ΧΡΙΣΤΟΦΑ |b ΝΙΚΗ |z 2004/09/09 | ||